12 mois en 30 secondes a l'envers - Statistiques

Statistiques générales
  • Ce quiz a été pris 333 fois
  • Le résultat moyen est 10 sur 12
Statistiques - réponses
Mois % Correct
Decembre
99%
Novembre
94%
Octobre
93%
Août
91%
Septembre
91%
Juillet
86%
Juin
86%
Mai
85%
Avril
80%
Mars
78%
Février
71%
Janvier
64%
Aucun quiz correspondant
Distribution des résultats
% des personnes avec chaque résultat
Percentile par nombre de réponses
Votre historique - résultats
Vous n’avez pas pris ce quiz